000
00338nam a2200145Ia 4500
005
20251222144714.0
008
251222s9999||||xx |||||||||||||| ||spa||
020
_a
970-10-4596-2
082
_a
658.8/W19
100
_a
Walker, Orville C.
245
0
_a
Marketing Estratégico
250
_a
4a.ed.
264
_b
McGraw-Hill
942
_c
LIB
999
_c
17965
_d
17965